My Clematis Lyrics (English) (Alien stage, Alnst, Mizi, Sua, Mizisua) - Statistics

General Stats
  • This quiz has been taken 91 times
    15 since last reset
  • The average score is 82 of 183
Answer Stats
Lyrics % Correct
A
88%
My
88%
The
88%
By
75%
Clematis
75%
From
75%
My
75%
Oh
75%
The
75%
You
75%
Abyss
63%
Bloomed
63%
By
63%
From
63%
Hope
63%
I
63%
Side
63%
With
63%
You
63%
Be
50%
I
50%
Stay
50%
That
50%
With
50%
Always
38%
And
38%
Be
38%
Darkness
38%
Do
38%
God
38%
In
38%
Not
38%
To
38%
Universe
38%
Where
38%
All
25%
Are
25%
Around
25%
As
25%
Belief
25%
Believe
25%
Believed
25%
Black
25%
But
25%
Can
25%
Cannot
25%
Connected
25%
Could
25%
Dare
25%
Earth
25%
Entire
25%
Forgot
25%
Gods
25%
Had
25%
Huge
25%
Human
25%
Humanity
25%
If
25%
In
25%
Is
25%
Left
25%
Lived
25%
Mankind
25%
Moment
25%
Of
25%
Once
25%
Place
25%
place
25%
Please
25%
Reach
25%
Revolved
25%
Sky
25%
Strength
25%
They
25%
Things
25%
Thought
25%
Time
25%
Universe
25%
Upon
25%
Wall
25%
Was
25%
We
25%
Which
25%
Will
25%
Don't
13%
Endless
13%
Even
13%
Eyes
13%
Find
13%
Galactic
13%
If
13%
Infinity
13%
Leave
13%
Out
13%
Religon
13%
Scent
13%
Sleep
13%
Solved
13%
Spreads
13%
Will
13%
Withered
13%
Your
13%
Starlight
0%
No matching quizzes found
Score Distribution
Percent of People with Each Score
Percentile by Number Answered
Your Score History
You have not taken this quiz since the last reset